书目信息 |
| 题名: |
唐代散文选注
|
|
| 作者: | 张暏之 选注 | |
| 分册: | ||
| 出版信息: | 上海 上海古籍出版社 1979 |
|
| 页数: | 252页 | |
| 开本: | 19cm | |
| 丛书名: | 中国古典文学作品选读 | |
| 单 册: | ||
| 中图分类: | I264.2 | |
| 科图分类: | ||
| 主题词: | 古典散文--中国--唐代--选集 | |
| 电子资源: | ||
| ISBN: | 10186.68 | |
| 000 | 00702oam2 2200253 450 | |
| 001 | 0179000657 | |
| 005 | 20100712215511.0 | |
| 010 | @a10186.68@dCNY0.57 | |
| 091 | @a10186.68 | |
| 100 | @a19950720d1979 em y0chiy0110 ea | |
| 101 | 0 | @achi |
| 102 | @aCN@b310000 | |
| 105 | @ay z 000cy | |
| 106 | @ar | |
| 200 | 1 | @a唐代散文选注@9Tang Dai San Wen Xuan Zhu @f张暏之选注 |
| 210 | @a上海@c上海古籍出版社@d1979 | |
| 215 | @a252页@d19cm | |
| 225 | 2 | @a中国古典文学作品选读 |
| 461 | 0 | @12001 @a中国古典文学作品选读 |
| 606 | 0 | @a古典散文@y中国@z唐代@x选集 |
| 690 | @aI264.2@v3 | |
| 701 | 0 | @a张暏之@9zhang hui zhi@4选注 |
| 801 | 0 | @aCN@bAzMarc@c20130904 |
| 905 | @aBZT@dI264.2@e14@f3@sI264.2/14 | |
| 唐代散文选注/张暏之选注.-上海:上海古籍出版社,1979 |
| 252页;19cm.-(中国古典文学作品选读) |
| ISBN 10186.68:CNY0.57 |
| ● |
| 相关链接 |
|
|
|
正题名:唐代散文选注
索取号:I264.2/14
 
预约/预借
| 序号 | 登录号 | 条形码 | 馆藏地/架位号 | 状态 | 备注 |
| 1 | 2000042671 | 2000042671 | 旧书回溯/ [索取号:I264.2/14] | 在馆 | |
| 2 | 2000042672 | 2000042672 | 旧书回溯/ [索取号:I264.2/14] | 在馆 | |
| 3 | 2000133386 | 2000133386 | 旧书回溯/ [索取号:I264.2/14] | 在馆 |